LEADER 01317nam a2200301 i 4500 001 000000115314 003 CaOOAMICUS 005 20220504145721.0 008 091202s2001 it u000 u ita u 013 $a88003 020 $a88-498-0110-6 040 $aSeMil$bita 100 1 $aAgostino, Giuseppe,$d<1928-2014>.$0(OLS)http://semarc/name/4590 245 10$a5.2: Ministero dell'Arcidiocesi di Cosenza-Bisignano (1998-2000) /$cdi Giuseppe Agostino. 264 3$aSoveria Mannelli :$bRubbettino,$c2001. 300 $a263 p. ;$c22 cm 500 $aIn custodia 541 $aFondo card. Carlo Maria Martini (2F II 24/2) 773 0 $aAgostino, Giuseppe <1928-2014>$tDilatentur spatia caritatis.$dSoveria Mannelli : Rubbettino$g5.2$w()9309 850 $aSeMil 852 $aSeMil$W1$xVenegono$y1$m2F II 24/2$j70842$B70842$CSeMilBibl$Z2$F78173 $81 852 $aSeMil$W1$xVenegono$y1$m2F VII 34$j232975$B241239$CSeMilBibl$Z2$F241239 $81 941 1 $a4 961 $aFondo Card. Carlo Maria Martini 996 $6020$a88-498-0110-6$9(OLS)http://semarc/number/877 996 $6245$a5.2: Ministero dell'Arcidiocesi di Cosenza-Bisignano (1998-2000)$9(OLS)http://semarc/title/168855 996 $6264$aSoveria Mannelli :$bRubbettino$9(OLS)http://semarc/publisher/32145 LEADER 01126nam a2200229 i 4500 001 000000128490 003 CaOOAMICUS 005 20040726000000.0 008 040726s1966 it u000 u ita u 013 $a101217 040 $aSeMil$bita 245 13$aLa pittura del Settecento in Francia e nell'Europa Centrale /$csaggio introduttivo di Terisio Pignatti. 300 $a1 v. :$bill. 490 0 $aI maestri del colore : la pił grande collana d'arte del mondo ;$v269 650 4$aPittura - Europa Centrale - Sec. 18.$0(OLS)http://semarc/subject/25394 650 4$aPittura - Francia - Sec. 18.$0(OLS)http://semarc/subject/25395 700 1 $aPignatti, Terisio.$0(OLS)http://semarc/name/4850 773 0 $tStoria della pittura.$dMilano : Fabbri, copyr. 1966-copyr. 1969.$gVolume19$w()11031 830 2$aI maestri del colore : la pił grande collana d'arte del mondo ;$v269.$0(OLS)http://semarc/title/2091 850 $aSeMil 852 $aSeMil$W1$xVenegono$y1$m5H XII 11/269$j82714$B82714$CSeMilBibl$Z2$F85063 $81 996 $6245$aLa pittura del Settecento in Francia e nell'Europa Centrale$9(OLS)http://semarc/title/189927